000 00368nam a22001337a 4500
082 _a954.910294
_bANS
_cL-31, P-52
100 _aAnsari
_914443
245 _aAnsari's Trade Directory of Pakistan
_cAnsari
260 _aKarachi, Pakistan
_bH. A. Juma & Co.,
300 _a920 P, :
526 _a0
_b0
_c0
_d954_910294000000000_ANS
650 _aMCE
_9379
942 _2ddc
_cBK
999 _c550709
_d550709